<?xml version="1.0" encoding="UTF-8"?><?xml-stylesheet type="text/xsl" href="static/style.xsl"?><OAI-PMH xmlns="http://www.openarchives.org/OAI/2.0/" xmlns:xsi="http://www.w3.org/2001/XMLSchema-instance" xsi:schemaLocation="http://www.openarchives.org/OAI/2.0/ http://www.openarchives.org/OAI/2.0/OAI-PMH.xsd"><responseDate>2026-04-17T05:39:11Z</responseDate><request verb="GetRecord" identifier="oai:www.recercat.cat:10230/12457" metadataPrefix="marc">https://recercat.cat/oai/request</request><GetRecord><record><header><identifier>oai:recercat.cat:10230/12457</identifier><datestamp>2025-12-18T01:49:38Z</datestamp><setSpec>com_2072_6</setSpec><setSpec>col_2072_452953</setSpec></header><metadata><record xmlns="http://www.loc.gov/MARC21/slim" xmlns:dcterms="http://purl.org/dc/terms/" xmlns:xsi="http://www.w3.org/2001/XMLSchema-instance" xmlns:doc="http://www.lyncode.com/xoai" xsi:schemaLocation="http://www.loc.gov/MARC21/slim http://www.loc.gov/standards/marcxml/schema/MARC21slim.xsd">
   <leader>00925njm 22002777a 4500</leader>
   <datafield ind2=" " ind1=" " tag="042">
      <subfield code="a">dc</subfield>
   </datafield>
   <datafield ind2=" " ind1=" " tag="720">
      <subfield code="a">Ducoing Ruiz, Cristian Arturo</subfield>
      <subfield code="e">author</subfield>
   </datafield>
   <datafield ind2=" " ind1=" " tag="260">
      <subfield code="c">2012-07-11T02:22:49Z</subfield>
   </datafield>
   <datafield ind2=" " ind1=" " tag="260">
      <subfield code="c">2012-07-11T02:22:49Z</subfield>
   </datafield>
   <datafield ind2=" " ind1=" " tag="260">
      <subfield code="c">2011-07-27T10:59:02Z</subfield>
   </datafield>
   <datafield ind2=" " ind1=" " tag="260">
      <subfield code="c">2012-07-10T07:27:16Z</subfield>
   </datafield>
   <datafield ind2=" " ind1=" " tag="520">
      <subfield code="a">L&amp;apos;estudi té dos objectius fonamentals: d&amp;apos;una banda, generar una sèrie anual d&amp;apos;inversió en maquinària en el llarg termini per a Xile, des de l&amp;apos;any 1890 fins al 2005; i de l&amp;apos;altra, aconseguir una aproximació a la estructura de la inversió en maquinària i com aquesta afecta el creixement econòmic a llarg termini.</subfield>
   </datafield>
   <datafield tag="653" ind2=" " ind1=" ">
      <subfield code="a">33 - Economia</subfield>
   </datafield>
   <datafield ind2="0" ind1="0" tag="245">
      <subfield code="a">Inversión en maquinaria y crecimiento económico en el largo plazo. Chile 1890-2005</subfield>
   </datafield>
</record></metadata></record></GetRecord></OAI-PMH>